Consoles de jeux-vidéos en fonction de la manette - Statistiques

Statistiques générales
  • Ce quiz a été pris 232 fois
  • Le résultat moyen est 17 sur 20
Statistiques - réponses
Par images Réponse % Correct
Xbox
99%
Playstation 2
98%
Playstation 3
98%
Playstation 4
98%
Playstation 5
98%
Wii
98%
Nintendo Switch
97%
Wii U
97%
GameCube
93%
Playstation
93%
Xbox One
93%
Xbox 360
92%
Xbox Series
83%
Nintendo 64
82%
NES
79%
Super Nintendo
79%
Dreamcast
64%
MegaDrive
63%
Saturn
57%
Master System
38%
Aucun quiz correspondant
Distribution des résultats
% des personnes avec chaque résultat
Percentile par nombre de réponses
Votre historique - résultats
Vous n’avez pas pris ce quiz